书目信息 |
| 题名: |
永别了, 古利萨雷!
|
|
| 作者: | 艾特玛托夫 著 ;冯加 , 力冈 译 | |
| 分册: | ||
| 出版信息: | 北京 人民文学出版社 2020.07 |
|
| 页数: | 277页 | |
| 开本: | 21cm | |
| 丛书名: | 艾特玛托夫代表作 | |
| 单 册: | ||
| 中图分类: | I364.45 | |
| 科图分类: | ||
| 主题词: | 中篇小说--zhong pian xiao shuo--小说集--吉尔吉斯--现代 | |
| 电子资源: | ||
| ISBN: | 978-7-02-015237-7 | |
| 000 | 01223nam 2200337 450 | |
| 001 | CAL 0120203054427 | |
| 005 | 20200825082849.5 | |
| 010 | @a978-7-02-015237-7@dCNY36.00 | |
| 092 | @aCN@bRt940-1830 | |
| 100 | @a20200824d2020 em y0chiy0120 ea | |
| 101 | 1 | @achi@crus |
| 102 | @aCN@b110000 | |
| 105 | @ay z 000ay | |
| 106 | @ar | |
| 200 | 1 | @a永别了, 古利萨雷!@Ayong bie le , gu li sa lei !@d= Прощай, гульсары@f(吉尔吉斯斯坦) 艾特玛托夫著@g冯加, 力冈译@zrus |
| 210 | @a北京@c人民文学出版社@d2020.07 | |
| 215 | @a277页@d21cm | |
| 225 | 2 | @a艾特玛托夫代表作@Aai te ma tuo fu dai biao zuo |
| 314 | @a艾特玛托夫, 吉尔吉斯斯坦国宝级作家。 | |
| 330 | @a本书为中篇小说集, 内容包括: 《查密莉雅》《永别了, 古利萨雷》。 | |
| 410 | 0 | @12001 @a艾特玛托夫代表作 |
| 500 | 10 | @aПрощай, гульсары@mChinese |
| 606 | 0 | @a中篇小说@Azhong pian xiao shuo@x小说集@y吉尔吉斯@z现代 |
| 690 | @aI364.45@v5 | |
| 701 | 1 | @a艾特玛托夫@Aai te ma tuo fu@g(Айтматов, Чингиз),@f1928-2008@4著 |
| 702 | 0 | @a冯加@Afeng jia@4译 |
| 702 | 0 | @a力冈@Ali gang@4译 |
| 801 | 0 | @aCN@b人天书店@c20200824 |
| 901 | @a人民文学出版社 | |
| 905 | @aTSG@b0001997@dI364.45@eA394@f2 | |
| 997 | @a期货 | |
| 永别了, 古利萨雷!= Прощай, гульсары/(吉尔吉斯斯坦) 艾特玛托夫著/冯加, 力冈译.-北京:人民文学出版社,2020.07 |
| 277页;21cm.-(艾特玛托夫代表作) |
| ISBN 978-7-02-015237-7:CNY36.00 |
| 本书为中篇小说集, 内容包括: 《查密莉雅》《永别了, 古利萨雷》。 |
| ● |
| 相关链接 |
|
|
|
正题名:永别了, 古利萨雷!
索取号:I364.45/A394
 
预约/预借
| 序号 | 登录号 | 条形码 | 馆藏地/架位号 | 状态 | 备注 |
| 1 | 1538010 | 215380102 | 文学库116/116文学库 15排5列3层/ [索取号:I364.45/A394] | 在馆 | |
| 2 | 1538011 | 215380111 | 文学库116/116文学库 15排5列3层/ [索取号:I364.45/A394] | 在馆 |